Ganadores de Balón de Oro - Estadísticas

Estadísticas generales
  • Esta prueba ha sido intentada 3.826 veces
    3.027 desde el último reinicio
  • La puntuación promedio es 48 de 68
Estadísticas de respuestas
Edición Nacionalidad Ganador % Correcto
2023 Argentino Lionel Messi
98%
2009 Argentino Lionel Messi
97%
2010 Argentino Lionel Messi
97%
2011 Argentino Lionel Messi
97%
2012 Argentino Lionel Messi
97%
2015 Argentino Lionel Messi
97%
2019 Argentino Lionel Messi
97%
2021 Argentino Lionel Messi
97%
2008 Portugués Cristiano Ronaldo
96%
2013 Portugués Cristiano Ronaldo
96%
2014 Portugués Cristiano Ronaldo
96%
2016 Portugués Cristiano Ronaldo
96%
2017 Portugués Cristiano Ronaldo
96%
1997 Brasileño Ronaldo
96%
2002 Brasileño Ronaldo
96%
2018 Croata Luka Modric
95%
2024 Español Rodri
95%
2022 Francés Karim Benzema
93%
2005 Brasileño Ronaldinho
93%
2007 Brasileño Kakà
89%
1998 Francés Zinedine Zidane
89%
2006 Italiano Fabio Cannavaro
87%
2000 Portugués Luis Figo
86%
1957 Argentino / Español Alfredo Di Stéfano
82%
1959 Argentino / Español Alfredo Di Stéfano
82%
1971 Olanda Johan Cruyff
81%
1973 Holandés Johan Cruyff
81%
1974 Holandés Johan Cruyff
81%
1988 Holandés Marco Van Basten
79%
1989 Holandés Marco Van Basten
79%
1992 Holandés Marco Van Basten
79%
1999 Brasileño Rivaldo
79%
2001 Inglés Michael Owen
78%
2003 Checo Pavel Nedvěd
78%
2004 Ucranio Andrij Ševčenko
77%
1963 Soviético Lev Jašin
77%
1983 Francés Michel Platini
77%
1984 Francés Michel Platini
77%
1985 Francés Michel Platini
77%
1960 Español Luis Suárez
75%
1972 Alemán Franz Beckenbauer
72%
1976 Alemán Franz Beckenbauer
72%
1987 Holandés Ruud Gullit
72%
1965 Portugués Eusébio
69%
1995 Liberiano George Weah
69%
1968 Irlandés norteño George Best
66%
1993 Italiano Roberto Baggio
65%
1970 Alemán Gerd Müller
63%
1966 Inglés Bobby Charlton
61%
1994 Búlgaro Hristo Stoičkov
61%
1990 Alemán Lothar Matthäus
56%
1991 Francés Jean-Pierre Papin
43%
1996 Alemán Matthias Sammer
42%
1980 Alemán Karl-Heinz Rummenigge
40%
1981 Alemán Karl-Heinz Rummenigge
40%
1958 Francés Raymond Kopa
40%
1982 Italiano Paolo Rossi
37%
1956 Inglés Stanley Matthews
37%
1964 Escocés Denis Law
31%
1961 Argentino / Italiano Omar Sivori
30%
1978 Inglés Kevin Keegan
29%
1979 Inglés Kevin Keegan
29%
1969 Italiano Gianni Rivera
28%
1986 Unione Sovietiva Igor Belanov
24%
1962 Checoslovaco Josef Masopust
22%
1977 Danés Allan Simonsen
20%
1967 Uúngaro Flórián Albert
20%
1975 Soviético Oleh Blochin
19%
No se encontraron pruebas coincidentes
Distribución de puntuación
Porcentaje de gente con cada puntuación
Porcentaje por número respondido
Historial de tus puntuaciones
No has intentado esta prueba desde el último reinicio